[Event "European Women-ch 2023"]
[Site "Petrovac"]
[Date "2023.03.28"]
[Round "10.3"]
[White "Skvortsova, Alena"]
[Black "Hrescak, Ivana"]
[Result "1/2-1/2"]
[WhiteElo "2032"]
[BlackElo "2127"]
[Annotator "TA"]
[PlyCount "180"]
[EventDate "2023.03.15"]
[EventType "swiss"]
[EventCountry "MNE"]
[SourceTitle "playchess.com"]
[Source "ChessBase"]
[SourceQuality "1"]

1. e4 e5 2. Nf3 Nc6 3. d4 exd4 4. Nxd4 Nf6 5. Nxc6 bxc6 6. e5 Qe7 7. Qe2 Nd5 8. c4 Ba6 9. b3 g6 10. f4 d6 11. Qf2 Nf6 12. Bb2 Qe6 13. Nd2 Bg7 14. Nf3 O-O 15. O-O-O Ng4 16. Qe1 Rfe8 17. h3 Nh6 18. Qa5 Qc8 19. g4 c5 20. Bg2 Bb7 21. Qd2 a5 22. exd6 Bxb2+ 23. Kxb2 cxd6 24. f5 Nxf5 25. gxf5 Qxf5 26. Rhf1 Be4 27. Nd4 Qh5 28. Bxe4 Rxe4 29. Nf3 Rae8 30. Rf2 a4 31. h4 axb3 32. axb3 Re3 33. Qd5 Qxd5 34. Rxd5 Re2+ 35. Rxe2 Rxe2+ 36. Kc3 Rf2 37. Nd2 Rh2 38. Rxd6 Rh3+ 39. Kc2 Rxh4 40. Rd5 h5 41. Rxc5 Rd4 42. Rc8+ Kg7 43. c5 h4 44. c6 Rd6 45. Ne4 Re6 46. Ng5 Re5 47. b4 Rxg5 48. c7 Rg2+ 49. Kd3 Rg3+ 50. Kd4 h3 51. Ra8 h2 52. c8=Q h1=Q 53. Qf8+ Kf6 54. Qd6+ Kf5 55. Ra5+ Kg4 56. Rg5+ Kxg5 57. Qxg3+ Kh6 58. b5 Qd1+ 59. Qd3 Qa1+ 60. Kc5 Qe5+ 61. Qd5 Qc7+ 62. Qc6 Qe5+ 63. Kb4 Qe1+ 64. Kc5 Qe5+ 65. Qd5 Qc7+ 66. Kb4 Qe7+ 67. Qc5 Qe4+ 68. Ka5 Qa8+ 69. Kb6 Qb8+ 70. Ka6 Qa8+ 71. Qa7 Qc8+ 72. Qb7 Qxb7+ 73. Kxb7 f5 74. Kc6 f4 75. b6 f3 76. b7 f2 77. b8=Q f1=Q 78. Qh2+ Kg7 79. Kd5 Qf3+ 80. Kd4 Qg4+ 81. Ke3 Qe6+ 82. Kf3 g5 83. Qh5 Qf5+ 84. Kg3 Qf4+ 85. Kh3 Qf1+ 86. Kg4 Qf4+ 87. Kh3 Qf5+ 88. Kg3 Qf4+ 89. Kh3 Qe3+ 90. Kg4 Qf4+ 1/2-1/2

[Event "European Women-ch 2023"]
[Site "Petrovac"]
[Date "2023.03.28"]
[Round "10.4"]
[White "Buksa, Nataliya"]
[Black "Sargsyan, Anna M."]
[Result "1/2-1/2"]
[WhiteElo "2405"]
[BlackElo "2371"]
[Annotator "TA"]
[PlyCount "78"]
[EventDate "2023.03.15"]
[EventType "swiss"]
[EventCountry "MNE"]
[SourceTitle "playchess.com"]
[Source "ChessBase"]
[SourceQuality "1"]

1. e4 c5 2. Nf3 Nc6 3. d4 cxd4 4. Nxd4 Nf6 5. Nc3 e5 6. Ndb5 d6 7. Bg5 a6 8. Na3 b5 9. Nd5 Be7 10. Bxf6 Bxf6 11. c3 O-O 12. Nc2 Bg5 13. h4 Bh6 14. g4 Bf4 15. Qf3 Rb8 16. a3 a5 17. Nxf4 Qf6 18. g5 Qxf4 19. Qxf4 exf4 20. O-O-O Rd8 21. Nd4 Nxd4 22. Rxd4 Be6 23. Be2 Kf8 24. h5 Rdc8 25. Kd2 Ke7 26. Rg1 Rc5 27. b4 axb4 28. Rxb4 Ra8 29. Rxb5 Rxb5 30. Bxb5 Rxa3 31. Rb1 Ra2+ 32. Ke1 Rc2 33. Ra1 Rxc3 34. Ra7+ Kf8 35. Bd7 Rc5 36. Bxe6 fxe6 37. Ra8+ Kf7 38. Ra7+ Kf8 39. Ra8+ Kf7 1/2-1/2

[Event "European Women-ch 2023"]
[Site "Petrovac"]
[Date "2023.03.28"]
[Round "10.4"]
[White "Sandu, Mihaela"]
[Black "Vega Gutierrez, Sabrina"]
[Result "1/2-1/2"]
[WhiteElo "2211"]
[BlackElo "2361"]
[Annotator "TA"]
[PlyCount "89"]
[EventDate "2023.03.15"]
[EventType "swiss"]
[EventCountry "MNE"]
[SourceTitle "playchess.com"]
[Source "ChessBase"]
[SourceQuality "1"]

1. e4 c5 2. Nf3 e6 3. d4 cxd4 4. Nxd4 Nf6 5. Nc3 d6 6. g4 h6 7. Rg1 Be7 8. Be3 Nc6 9. Be2 a6 10. Qd2 Nxd4 11. Bxd4 e5 12. Be3 b5 13. O-O-O Bb7 14. f3 b4 15. Nd5 Nxd5 16. exd5 Bg5 17. Kb1 a5 18. Bb5+ Kf8 19. f4 exf4 20. Bxf4 Rc8 21. h4 Bxf4 22. Qxf4 Qxh4 23. Qxd6+ Qe7 24. Qf4 Qf6 25. Qxf6 gxf6 26. d6 Kg7 27. d7 Rb8 28. Rd6 Rhd8 29. Ba4 Bf3 30. Rg3 Be2 31. Rd5 Bc4 32. Rxa5 Be6 33. Ra7 Rb6 34. Kc1 Rd6 35. a3 bxa3 36. bxa3 Bxd7 37. Bxd7 R8xd7 38. Rxd7 Rxd7 39. a4 f5 40. gxf5+ Kf6 41. a5 Kxf5 42. a6 Ra7 43. Ra3 Ke4 44. Kd2 Kd4 45. Ra5 1/2-1/2

[Event "European Women-ch 2023"]
[Site "Petrovac"]
[Date "2023.03.28"]
[Round "10.4"]
[White "Donghvani, Nia"]
[Black "Spalir, Monika"]
[Result "1/2-1/2"]
[WhiteElo "2025"]
[BlackElo "2125"]
[Annotator "TA"]
[PlyCount "158"]
[EventDate "2023.03.15"]
[EventType "swiss"]
[EventCountry "MNE"]
[SourceTitle "playchess.com"]
[Source "ChessBase"]
[SourceQuality "1"]

1. c4 c6 2. Nf3 Nf6 3. e3 d5 4. Nc3 Bg4 5. Qb3 Qb6 6. Ne5 Qxb3 7. axb3 e6 8. Nxg4 Nxg4 9. d4 Nd7 10. Be2 Ngf6 11. O-O Be7 12. Bd3 O-O 13. c5 e5 14. f3 Rfe8 15. b4 a6 16. Bd2 exd4 17. exd4 Nf8 18. Rfe1 Ne6 19. Be3 Nd7 20. Rad1 Bf6 21. Bf5 Ndf8 22. Bf2 g6 23. Bc2 Nc7 24. Kf1 Nfe6 25. g3 Nb5 26. Nxb5 axb5 27. Bb3 Kf8 28. f4 h5 29. Kg2 Kg7 30. Kf3 Kf8 31. g4 Nxd4+ 32. Bxd4 Rxe1 33. Bxf6 hxg4+ 34. Kxg4 Re3 35. Bc2 Rae8 36. Bd3 R8e6 37. Bd4 f5+ 38. Kh4 Rf3 39. Be5 Kf7 40. Rd2 g5+ 41. Kxg5 Rg6+ 42. Kxf5 Rh3 43. Be2 Rxh2 44. Bf3 Rxd2 45. Bh5 Rdg2 46. Bf6 R2g3 47. Bg5 d4 48. Bxg6+ Kg8 49. Bh4 Rb3 50. Ke4 Rxb4 51. Kd3 Kg7 52. Bf5 Rxb2 53. Kxd4 Rd2+ 54. Bd3 Kf7 55. Be1 Rh2 56. f5 Rh3 57. Bc3 Rh8 58. Ke4 Rh4+ 59. Ke3 Rh3+ 60. Kd2 Rh2+ 61. Be2 Rf2 62. f6 Ke6 63. Ke3 Rg2 64. Bf3 Rg5 65. Bd4 Kf7 66. Kf4 Rg8 67. Bh5+ Ke6 68. f7 Rf8 69. Bg7 Rxf7+ 70. Bxf7+ Kxf7 71. Bc3 Ke6 72. Ke4 Kd7 73. Kf5 b6 74. cxb6 c5 75. Be5 Kc6 76. Bc7 b4 77. Ke4 b3 78. Kd3 c4+ 79. Kc3 Kb7 1/2-1/2

[Event "European Women-ch 2023"]
[Site "Petrovac"]
[Date "2023.03.28"]
[Round "10.5"]
[White "Garifullina, Leya"]
[Black "Tsolakidou, Stavroula"]
[Result "0-1"]
[WhiteElo "2372"]
[BlackElo "2358"]
[Annotator "TA"]
[PlyCount "110"]
[EventDate "2023.03.15"]
[EventType "swiss"]
[EventCountry "MNE"]
[SourceTitle "playchess.com"]
[Source "ChessBase"]
[SourceQuality "1"]

1. e4 c5 2. Nf3 d6 3. d4 cxd4 4. Nxd4 Nf6 5. Nc3 a6 6. h3 g6 7. g4 Bg7 8. Bg2 Nfd7 9. O-O Nc6 10. Be3 O-O 11. a4 Nde5 12. b3 Nxd4 13. Bxd4 Nc6 14. Bxg7 Kxg7 15. Nd5 e5 16. Qd2 Be6 17. Ne3 Qc7 18. Kh1 Rac8 19. Rad1 Nd4 20. f4 f6 21. f5 Bg8 22. fxg6 hxg6 23. Qf2 Qe7 24. Rd3 b5 25. axb5 axb5 26. Qd2 Be6 27. Rf2 Ra8 28. Qb4 Ra2 29. Rdd2 Rc8 30. Rxd4 exd4 31. Qxd4 Rc5 32. b4 Re5 33. Rd2 Ra6 34. Rd1 Qc7 35. Ra1 Rxa1+ 36. Qxa1 d5 37. Nxd5 Bxd5 38. exd5 Qe7 39. Kh2 Qxb4 40. Qa7+ Re7 41. Qb8 Re2 42. Qc7+ Kh6 43. c3 Qe4 44. Qg3 Qxd5 45. Qf4+ Kg7 46. Qc7+ Qf7 47. Qb6 Qd7 48. Kg1 Rc2 49. Qc5 Qd1+ 50. Kh2 Qf3 51. Qe7+ Kh6 52. Qf8+ Kg5 53. Qc5+ Kh4 54. Qg1 Qf4+ 55. Kh1 Rc1 0-1

[Event "European Women-ch 2023"]
[Site "Petrovac"]
[Date "2023.03.28"]
[Round "10.5"]
[White "Koridze, Lile"]
[Black "Cyfka, Karina"]
[Result "0-1"]
[WhiteElo "2122"]
[BlackElo "2350"]
[Annotator "TA"]
[PlyCount "78"]
[EventDate "2023.03.15"]
[EventType "swiss"]
[EventCountry "MNE"]
[SourceTitle "playchess.com"]
[Source "ChessBase"]
[SourceQuality "1"]

1. d4 Nf6 2. c4 e6 3. Nf3 d5 4. g3 Bb4+ 5. Bd2 a5 6. Bg2 O-O 7. O-O dxc4 8. Bg5 h6 9. Bxf6 Qxf6 10. Qc2 Nc6 11. Qxc4 e5 12. a3 Bd6 13. d5 Nb8 14. Nc3 Na6 15. Nd2 Qe7 16. e4 Bd7 17. f4 a4 18. fxe5 Bxe5 19. Nf3 b6 20. Rad1 Nc5 21. Nd4 Qg5 22. Rde1 Qh5 23. Nf5 Rae8 24. Nd1 Qg5 25. Nd4 Bg4 26. Ne3 Bd7 27. Nef5 Qd2 28. Re2 Qd3 29. Qxd3 Nxd3 30. Rd2 Nc5 31. Nc6 Kh7 32. Nxe5 Rxe5 33. d6 c6 34. Ne7 f6 35. Rd4 Rd8 36. h4 Be8 37. Bh3 Rxe7 38. dxe7 Rxd4 39. e5 Nd7 0-1

[Event "European Women-ch 2023"]
[Site "Petrovac"]
[Date "2023.03.28"]
[Round "10.5"]
[White "Shuqja, Klean"]
[Black "Hajiyeva, Laman"]
[Result "1/2-1/2"]
[WhiteElo "1884"]
[BlackElo "2118"]
[Annotator "TA"]
[PlyCount "86"]
[EventDate "2023.03.15"]
[EventType "swiss"]
[EventCountry "MNE"]
[SourceTitle "playchess.com"]
[Source "ChessBase"]
[SourceQuality "1"]

1. e4 c6 2. d4 d5 3. exd5 cxd5 4. Bd3 Nc6 5. c3 Nf6 6. h3 g6 7. Nf3 Bf5 8. O-O Bxd3 9. Qxd3 e6 10. Bf4 Nh5 11. Be3 Bd6 12. Nbd2 O-O 13. Rfd1 Ne7 14. b3 Nf5 15. c4 Nf4 16. Bxf4 Bxf4 17. c5 h5 18. g3 Bc7 19. b4 g5 20. Qe2 Qf6 21. Nb3 Qg7 22. Re1 h4 23. g4 Nh6 24. Nc1 Rae8 25. Nd3 f6 26. Qd2 Nf7 27. Re2 e5 28. Rae1 e4 29. Nh2 Rd8 30. Nb2 Nh6 31. f3 f5 32. fxe4 fxe4 33. Nd1 Bf4 34. Ne3 Qc7 35. Nhf1 Nf7 36. Qc2 Nh8 37. Qb3 Qf7 38. Nf5 Kh7 39. N1e3 Ng6 40. Rf1 Qd7 41. b5 Bb8 42. Rc2 Nf4 43. c6 bxc6 1/2-1/2

[Event "European Women-ch 2023"]
[Site "Petrovac"]
[Date "2023.03.28"]
[Round "10.6"]
[White "Javakhishvili, Lela"]
[Black "Savina, Anastasia"]
[Result "1-0"]
[WhiteElo "2443"]
[BlackElo "2345"]
[Annotator "TA"]
[PlyCount "115"]
[EventDate "2023.03.15"]
[EventType "swiss"]
[EventCountry "MNE"]
[SourceTitle "playchess.com"]
[Source "ChessBase"]
[SourceQuality "1"]

1. e4 e5 2. Nf3 Nc6 3. Bc4 Bc5 4. d3 Nf6 5. Nc3 O-O 6. O-O h6 7. Be3 Bxe3 8. fxe3 d6 9. d4 Bg4 10. Bb5 Ne7 11. dxe5 Bxf3 12. Qxf3 dxe5 13. Rad1 Qc8 14. Ba4 c6 15. Bb3 Qc7 16. Qg3 Kh7 17. Rf3 b5 18. Rdf1 b4 19. Rxf6 gxf6 20. Ne2 Qd6 21. Qf3 f5 22. exf5 Nd5 23. f6 Rg8 24. c4 bxc3 25. Nxc3 Rad8 26. Bc2+ Kh8 27. Nxd5 cxd5 28. Qh5 Qf8 29. Qxe5 Rg5 30. Qd4 Rc8 31. Rf2 Qc5 32. Qd3 Rg6 33. Qd2 Rg5 34. Qd3 Rg6 35. Qe2 Rxf6 36. Rxf6 Qxc2 37. Qxc2 Rxc2 38. Rxf7 a5 39. Ra7 Rxb2 40. Rxa5 Kg7 41. a4 Re2 42. Rxd5 Rxe3 43. a5 Ra3 44. g4 Ra1+ 45. Kg2 Ra2+ 46. Kg3 Ra3+ 47. Kf4 Ra4+ 48. Kf5 Ra2 49. Rd7+ Kf8 50. Kg6 h5 51. Kxh5 Rxh2+ 52. Kg6 Rc2 53. Rf7+ Kg8 54. g5 Rc6+ 55. Rf6 Rc7 56. a6 Rg7+ 57. Kf5 Kh7 58. Rh6+ 1-0

[Event "European Women-ch 2023"]
[Site "Petrovac"]
[Date "2023.03.28"]
[Round "10.6"]
[White "Zawadzka, Jolanta"]
[Black "Sliwicka, Alicja"]
[Result "0-1"]
[WhiteElo "2391"]
[BlackElo "2272"]
[Annotator "TA"]
[PlyCount "88"]
[EventDate "2023.03.15"]
[EventType "swiss"]
[EventCountry "MNE"]
[SourceTitle "playchess.com"]
[Source "ChessBase"]
[SourceQuality "1"]

1. e4 c5 2. Nf3 d6 3. Bb5+ Bd7 4. Bxd7+ Qxd7 5. O-O Nc6 6. Re1 e6 7. d4 cxd4 8. Nxd4 Nf6 9. c4 Be7 10. Nc3 O-O 11. b3 Rfd8 12. Bb2 Rac8 13. Qd2 a6 14. a4 Qc7 15. Rad1 Qb6 16. Na2 Nxd4 17. Bxd4 Qxb3 18. Rb1 Qxa4 19. Rxb7 Rxc4 20. Nb4 e5 21. Ba1 Nxe4 22. Qd5 Rxb4 23. Rxe7 Qb3 24. Rxe5 Qxd5 25. Rxd5 f6 26. f3 Nc5 27. Bc3 Rb3 28. Rc1 Rb5 29. Ra1 Na4 30. Rd3 Nc5 31. Rdd1 Kf7 32. Ba5 Rd7 33. Ra3 d5 34. Be1 Ke6 35. Bf2 a5 36. Re3+ Kf7 37. Rc3 Nb3 38. Rc2 d4 39. Be1 d3 40. Rb2 a4 41. Bd2 a3 42. Ra2 Nxd2 43. Rdxd2 Rb2 44. Kf2 Rxa2 0-1

[Event "European Women-ch 2023"]
[Site "Petrovac"]
[Date "2023.03.28"]
[Round "10.6"]
[White "Ter-Avetisjana, Agnesa Stepania"]
[Black "Ibrahimova, Sabina"]
[Result "1/2-1/2"]
[WhiteElo "1974"]
[BlackElo "2207"]
[Annotator "TA"]
[PlyCount "51"]
[EventDate "2023.03.15"]
[EventType "swiss"]
[EventCountry "MNE"]
[SourceTitle "playchess.com"]
[Source "ChessBase"]
[SourceQuality "1"]

1. e4 c5 2. Nf3 g6 3. c3 d5 4. e5 Bg7 5. d4 Nc6 6. Bb5 cxd4 7. cxd4 Nh6 8. Nc3 O-O 9. O-O Bg4 10. Bxc6 bxc6 11. h3 Bxf3 12. Qxf3 Nf5 13. Qd3 f6 14. g4 fxe5 15. gxf5 e4 16. Nxe4 dxe4 17. Qxe4 Rxf5 18. Be3 Qd7 19. Rac1 Rc8 20. Kg2 Rd5 21. Rc4 Rh5 22. Qg4 e6 23. b3 Qd5+ 24. Qf3 Qd7 25. Rfc1 Rd5 26. Qe4 1/2-1/2

[Event "European Women-ch 2023"]
[Site "Petrovac"]
[Date "2023.03.28"]
[Round "10.7"]
[White "Gunina, Valentina"]
[Black "Olde, Margareth"]
[Result "1-0"]
[WhiteElo "2478"]
[BlackElo "2234"]
[Annotator "TA"]
[PlyCount "147"]
[EventDate "2023.03.15"]
[EventType "swiss"]
[EventCountry "MNE"]
[SourceTitle "playchess.com"]
[Source "ChessBase"]
[SourceQuality "1"]

1. e4 e5 2. Nf3 Nc6 3. Bc4 Bc5 4. c3 Nf6 5. d3 d6 6. O-O h6 7. Re1 O-O 8. h3 a5 9. a4 Be6 10. Nbd2 Ne7 11. Bxe6 fxe6 12. d4 exd4 13. cxd4 Bb4 14. Qb3 d5 15. exd5 exd5 16. Re2 Ng6 17. Nf1 Nh5 18. Ne5 Ngf4 19. Bxf4 Nxf4 20. Re3 Qg5 21. Ng3 c5 22. Rd1 Rad8 23. Nf3 Qg6 24. Rf1 cxd4 25. Nxd4 Bc5 26. Rd1 h5 27. h4 Bxd4 28. Rxd4 Qf6 29. Rd2 Qxh4 30. Ne4 Qg4 31. Rg3 Nh3+ 32. Rxh3 Qxe4 33. Qd1 Rf5 34. Re2 Qf4 35. Rf3 Qg5 36. Rg3 Qf6 37. Qe1 Rf8 38. Qxa5 h4 39. Rg4 Rg5 40. Qb4 Rxg4 41. Qxg4 d4 42. Kf1 Rd8 43. Re6 Qf7 44. Qxh4 Rc8 45. Re1 d3 46. Qd4 Qf5 47. Kg1 Rc5 48. Rd1 Rd5 49. Qc4 Kh7 50. f3 Kg6 51. Kf2 Kf6 52. b3 d2 53. Qc3+ Kf7 54. Rxd2 Rxd2+ 55. Qxd2 Qc5+ 56. Kg3 Kg8 57. Qf4 Qb6 58. Qc4+ Kh8 59. b4 Qd6+ 60. Qf4 Qg6+ 61. Kh3 Qe6+ 62. Kh2 Qd7 63. a5 Qe8 64. Qf5 Qe7 65. b5 Qc7+ 66. Kh3 Qxa5 67. Qc8+ Kh7 68. Qxb7 Qa1 69. Qe4+ Kg8 70. b6 Qf6 71. b7 Qh6+ 72. Kg4 Qd6 73. Qe8+ Kh7 74. b8=Q 1-0

[Event "European Women-ch 2023"]
[Site "Petrovac"]
[Date "2023.03.28"]
[Round "10.7"]
[White "Gaponenko, Inna"]
[Black "Danielian, Elina"]
[Result "0-1"]
[WhiteElo "2349"]
[BlackElo "2431"]
[Annotator "TA"]
[PlyCount "118"]
[EventDate "2023.03.15"]
[EventType "swiss"]
[EventCountry "MNE"]
[SourceTitle "playchess.com"]
[Source "ChessBase"]
[SourceQuality "1"]

1. e4 c6 2. d4 d5 3. e5 Bf5 4. Nf3 e6 5. Be2 Nd7 6. O-O h6 7. Nbd2 Ne7 8. Nb3 Bh7 9. a4 a5 10. Bd2 Qb6 11. Rc1 Ng6 12. h4 Bb4 13. c3 Be7 14. g3 O-O 15. c4 dxc4 16. Bxc4 Bb4 17. Be3 Qc7 18. Na1 Rfd8 19. Qe2 Nb6 20. Bb3 Nd5 21. Nc2 Bf8 22. Bd2 Qb6 23. Qc4 Nge7 24. Rfe1 Bg6 25. Kg2 Rac8 26. Na1 Nf5 27. g4 Nfe7 28. h5 Bh7 29. Bc2 Bxc2 30. Rxc2 Nb4 31. Bxb4 axb4 32. Qc5 Qa6 33. Qxb4 Nd5 34. Qb3 Ra8 35. Rc4 Nb6 36. Rcc1 Nxa4 37. Nc2 c5 38. Ra1 Qc6 39. dxc5 Nxc5 40. Qc4 Rxa1 41. Rxa1 b5 42. Qe2 Nd3 43. Kg3 Bc5 44. Rd1 Bxf2+ 45. Kh2 Qc4 46. Nce1 Qf4+ 47. Kh1 Bxe1 48. Rxd3 Rxd3 49. Qxd3 Ba5 50. b4 Bxb4 51. Qd8+ Bf8 52. Kg2 Qxg4+ 53. Kf2 Qxh5 54. Qb8 b4 55. Nd4 Qh2+ 56. Kf3 g5 57. Nb5 Qf4+ 58. Ke2 b3 59. Kd3 Qb4 0-1

[Event "European Women-ch 2023"]
[Site "Petrovac"]
[Date "2023.03.28"]
[Round "10.7"]
[White "Pavlidou, Ekaterini"]
[Black "Tsotsonava, Elene"]
[Result "0-1"]
[WhiteElo "2178"]
[BlackElo "2030"]
[Annotator "TA"]
[PlyCount "68"]
[EventDate "2023.03.15"]
[EventType "swiss"]
[EventCountry "MNE"]
[SourceTitle "playchess.com"]
[Source "ChessBase"]
[SourceQuality "1"]

1. d4 Nf6 2. c4 e6 3. Nc3 Bb4 4. e3 O-O 5. Nge2 c6 6. a3 Ba5 7. c5 d6 8. cxd6 Qxd6 9. b4 Bc7 10. g3 a5 11. b5 a4 12. Bg2 Bd7 13. O-O cxb5 14. Bxb7 Ra7 15. Bg2 Bc6 16. e4 Ba5 17. e5 Qc7 18. exf6 Bxg2 19. Kxg2 Bxc3 20. Nxc3 Qxc3 21. Bh6 Rd8 22. Qg4 g6 23. Rfc1 Qb3 24. Rc5 Nd7 25. Rac1 Raa8 26. Be3 Nxf6 27. Qe2 Ne4 28. Rxb5 Nc3 29. Rxc3 Qxc3 30. Rc5 Qxa3 31. Bh6 Qb4 32. Rc4 Qb7+ 33. f3 Qd5 34. Be3 Rdc8 0-1

[Event "European Women-ch 2023"]
[Site "Petrovac"]
[Date "2023.03.28"]
[Round "10.8"]
[White "Badelka, Olga"]
[Black "Eric, Jovana"]
[Result "1/2-1/2"]
[WhiteElo "2428"]
[BlackElo "2230"]
[Annotator "TA"]
[PlyCount "110"]
[EventDate "2023.03.15"]
[EventType "swiss"]
[EventCountry "MNE"]
[SourceTitle "playchess.com"]
[Source "ChessBase"]
[SourceQuality "1"]

1. e4 c5 2. Nc3 Nc6 3. Nf3 e5 4. Bc4 Be7 5. d3 d6 6. a4 Nf6 7. Bg5 O-O 8. Bxf6 Bxf6 9. Nd5 Be6 10. O-O g6 11. Qd2 Bg7 12. a5 h6 13. a6 b6 14. c3 Kh7 15. Ne3 Ne7 16. Bxe6 fxe6 17. Ne1 d5 18. Qe2 b5 19. N3c2 Nc6 20. c4 bxc4 21. dxc4 Nd4 22. Nxd4 exd4 23. Nf3 dxc4 24. Qxc4 Rxf3 25. gxf3 Qg5+ 26. Kh1 Qf4 27. Rg1 Qxf3+ 28. Rg2 Qxe4 29. Qxc5 Rf8 30. Kg1 Rf7 31. Qc4 Qf5 32. b4 d3 33. Rd1 Rd7 34. Qg4 Qf6 35. Rg3 d2 36. Qe2 Qd4 37. b5 Qd5 38. Qg4 g5 39. Re3 Qxb5 40. Rxe6 Rd4 41. Qe2 Qf5 42. Re7 Rg4+ 43. Kf1 Rd4 44. Rxd2 Qd5 45. Rxg7+ Kxg7 46. Qe7+ Kg6 47. Rxd4 Qxd4 48. Qe6+ Kg7 49. Kg2 Qc5 50. h3 Qd4 51. Qc6 Kh7 52. Kf3 Kg7 53. Qb7+ Kf6 54. Qc6+ Kg7 55. Qb7+ Kf6 1/2-1/2

[Event "European Women-ch 2023"]
[Site "Petrovac"]
[Date "2023.03.28"]
[Round "10.8"]
[White "Allahverdiyeva, Ayan"]
[Black "Pirvulescu, Ekaterina"]
[Result "1-0"]
[WhiteElo "2124"]
[BlackElo "2032"]
[Annotator "TA"]
[PlyCount "115"]
[EventDate "2023.03.15"]
[EventType "swiss"]
[EventCountry "MNE"]
[SourceTitle "playchess.com"]
[Source "ChessBase"]
[SourceQuality "1"]

1. e4 c5 2. Nf3 e6 3. d4 cxd4 4. Nxd4 Nc6 5. Nc3 Qc7 6. Be3 a6 7. Qf3 Bd6 8. O-O-O Be5 9. Nxc6 bxc6 10. Bd4 Bxd4 11. Rxd4 d5 12. Bd3 Nf6 13. exd5 cxd5 14. Re1 Bb7 15. g4 Qc5 16. Qe3 Rc8 17. Rd1 Qe7 18. g5 Nd7 19. Re1 Nb6 20. Qe5 Nd7 21. Qxg7 Qf8 22. Qxf8+ Kxf8 23. f4 h6 24. g6 Nc5 25. Kd2 f5 26. b4 Ne4+ 27. Bxe4 fxe4 28. Nxe4 dxe4 29. Rd7 Rg8 30. Rf7+ Ke8 31. Rxb7 Rxg6 32. Re2 e5 33. fxe5 Rc4 34. Ke3 h5 35. Kf4 Rg1 36. e6 e3+ 37. Kxe3 Rgg4 38. Kd2 Rgd4+ 39. Kc1 Rxb4 40. Rxb4 Rxb4 41. e7 h4 42. Re3 Rg4 43. h3 Ra4 44. a3 Rf4 45. Kb2 a5 46. Kb3 a4+ 47. Kc3 Rf2 48. Kd3 Rg2 49. c4 Rg1 50. c5 Rd1+ 51. Kc4 Rg1 52. c6 Rc1+ 53. Kb5 Rb1+ 54. Kxa4 Rb6 55. Rc3 Rb8 56. c7 Rc8 57. Kb5 Kxe7 58. Kb6 1-0

[Event "European Women-ch 2023"]
[Site "Petrovac"]
[Date "2023.03.28"]
[Round "10.9"]
[White "Beydullayeva, Govhar"]
[Black "Kulon, Klaudia"]
[Result "0-1"]
[WhiteElo "2388"]
[BlackElo "2290"]
[Annotator "TA"]
[PlyCount "150"]
[EventDate "2023.03.15"]
[EventType "swiss"]
[EventCountry "MNE"]
[SourceTitle "playchess.com"]
[Source "ChessBase"]
[SourceQuality "1"]

1. d4 Nf6 2. c4 g6 3. Nc3 Bg7 4. e4 d6 5. Nf3 O-O 6. Be2 e5 7. O-O Bg4 8. Be3 Re8 9. d5 a5 10. c5 dxc5 11. Bxc5 c6 12. h3 Na6 13. Be3 cxd5 14. exd5 Bf5 15. a3 e4 16. Nd4 Nxd5 17. Nxf5 Nxc3 18. bxc3 gxf5 19. Rb1 f4 20. Bxf4 Nc5 21. Bb5 Re6 22. Bc4 Rg6 23. Qxd8+ Rxd8 24. Rfd1 Rxd1+ 25. Rxd1 Bxc3 26. Rd8+ Kg7 27. Bd6 Ne6 28. Rd7 Bd4 29. Kf1 b6 30. Bh2 Bc5 31. a4 Kf6 32. Bd5 e3 33. Be4 Rg8 34. fxe3 Ng5 35. Bd3 Bxe3 36. Rd5 Bc5 37. h4 Ne6 38. Rf5+ Ke7 39. Rh5 Rg4 40. Bb5 Rb4 41. Be5 Nf8 42. Bc6 Ng6 43. Bg3 Bd6 44. Bxd6+ Kxd6 45. Be8 Re4 46. Bb5 Rxh4 47. Rg5 f6 48. Rg3 Ne5 49. Rg8 Nc4 50. Rd8+ Ke5 51. Re8+ Kd4 52. Re6 Ne3+ 53. Kg1 Rg4 54. Bc6 f5 55. Re7 Rg6 56. Bf3 h6 57. Kf2 Ng4+ 58. Kg3 Ne3+ 59. Kf2 Nc4 60. Rc7 Ne5 61. Bb7 Nd3+ 62. Kg1 Nc5 63. Bc6 Kc4 64. Be8 Rf6 65. Re7 Kb4 66. Re1 Re6 67. Rb1+ Ka3 68. Bf7 Rd6 69. Be8 f4 70. Kh2 Ka2 71. Rf1 Rd4 72. Rf2+ Ka3 73. Rf3+ Kb4 74. Rh3 Nxa4 75. Rxh6 b5 0-1

[Event "European Women-ch 2023"]
[Site "Petrovac"]
[Date "2023.03.28"]
[Round "10.9"]
[White "Mamedjarova, Turkan"]
[Black "Milliet, Sophie"]
[Result "0-1"]
[WhiteElo "2229"]
[BlackElo "2404"]
[Annotator "TA"]
[PlyCount "128"]
[EventDate "2023.03.15"]
[EventType "swiss"]
[EventCountry "MNE"]
[SourceTitle "playchess.com"]
[Source "ChessBase"]
[SourceQuality "1"]

1. d4 d5 2. c4 c6 3. e3 Nf6 4. Nc3 e6 5. Bd3 Nbd7 6. Nf3 dxc4 7. Bxc4 b5 8. Bd3 Bd6 9. O-O O-O 10. Ne4 Nxe4 11. Bxe4 Bb7 12. Bc2 c5 13. e4 cxd4 14. Nxd4 Qb8 15. f4 Bc5 16. Kh1 Rd8 17. Nf3 b4 18. Qe2 a5 19. e5 Nf8 20. Bd3 Qa7 21. Bc4 Bd5 22. Bd2 Ng6 23. Rac1 Bb6 24. a3 Qb7 25. Bd3 Qd7 26. Bxg6 hxg6 27. Be3 Bxf3 28. Qxf3 Bxe3 29. Qxe3 Qd2 30. Qb3 bxa3 31. bxa3 Rab8 32. Qa4 Rd4 33. Qc2 Qxc2 34. Rxc2 Rxf4 35. Rfc1 Rb5 36. h3 Rxe5 37. Rc8+ Kh7 38. Ra8 g5 39. Ra7 Kg6 40. Kh2 Rf2 41. Rc3 Rd5 42. Rb3 e5 43. a4 f6 44. h4 gxh4 45. Rbb7 Kf5 46. Rxg7 Ke4 47. Ra6 f5 48. Rh7 Rf4 49. Rha7 Kd3 50. Rxa5 Rxa5 51. Rxa5 e4 52. Rd5+ Kc4 53. Re5 Kd4 54. Re8 e3 55. a5 Kd3 56. g3 Ra4 57. gxh4 e2 58. a6 Rxa6 59. Kg3 Ra1 60. Kf4 Rf1+ 61. Kg5 f4 62. h5 f3 63. Kf4 f2 64. Re3+ Kd2 0-1

[Event "European Women-ch 2023"]
[Site "Petrovac"]
[Date "2023.03.28"]
[Round "10.9"]
[White "Ismayil, Malak"]
[Black "Tsirulnik, Maritsa"]
[Result "1-0"]
[WhiteElo "2011"]
[BlackElo "2121"]
[Annotator "TA"]
[PlyCount "63"]
[EventDate "2023.03.15"]
[EventType "swiss"]
[EventCountry "MNE"]
[SourceTitle "playchess.com"]
[Source "ChessBase"]
[SourceQuality "1"]

1. e4 c5 2. Nf3 e6 3. c3 d5 4. exd5 Qxd5 5. Be2 Nc6 6. O-O Nf6 7. d4 cxd4 8. cxd4 Be7 9. Nc3 Qd6 10. Nb5 Qd8 11. Bf4 Nd5 12. Bg3 a6 13. Nc3 O-O 14. Rc1 Qb6 15. Na4 Qa7 16. a3 Rd8 17. Qd2 Bd7 18. Nc5 Be8 19. b4 Rac8 20. Nb3 Nc7 21. Qe3 Nb5 22. Bxb5 axb5 23. Nc5 Rd5 24. Nxe6 Bf6 25. Nc7 Rdd8 26. Nxb5 Qb6 27. Nd6 Ra8 28. d5 Nd4 29. Nxd4 Bxd4 30. Qd2 Ba4 31. Nf5 Rxd5 32. Ne7+ 1-0

[Event "European Women-ch 2023"]
[Site "Petrovac"]
[Date "2023.03.28"]
[Round "10.10"]
[White "Bivol, Alina"]
[Black "Toncheva, Nadya"]
[Result "1/2-1/2"]
[WhiteElo "2365"]
[BlackElo "2192"]
[Annotator "TA"]
[PlyCount "82"]
[EventDate "2023.03.15"]
[EventType "swiss"]
[EventCountry "MNE"]
[SourceTitle "playchess.com"]
[Source "ChessBase"]
[SourceQuality "1"]

1. e4 c5 2. Nf3 e6 3. g3 Nc6 4. Bg2 Nf6 5. d3 d6 6. O-O Be7 7. Re1 O-O 8. c3 e5 9. h3 h6 10. d4 exd4 11. cxd4 d5 12. exd5 Nxd5 13. Nc3 Nxc3 14. bxc3 cxd4 15. Nxd4 Nxd4 16. cxd4 Bb4 17. Re3 Re8 18. Rb1 Rxe3 19. Bxe3 Qe7 20. d5 Bd6 21. Qd3 b6 22. Re1 Qd7 23. Bd2 Bb7 24. Re4 Bf8 25. Rg4 Rd8 26. Bc3 f5 27. Rf4 Bc8 28. d6 Bxd6 29. Rd4 Qc7 30. Bb4 Be7 31. Rxd8+ Bxd8 32. Bd5+ Kh8 33. Qe3 Qd7 34. Bc3 Bg5 35. Qf3 Qe7 36. h4 Bf6 37. Bxf6 Qxf6 38. Bb3 Be6 39. Bxe6 Qxe6 40. Qa8+ Kh7 41. Qxa7 Qe1+ 1/2-1/2